Hawkeye Movies - Statistics

General Stats
  • This quiz has been taken 34 times
  • The average score is 5 of 5
Answer Stats
Year Jeremey Renner % Correct
2019 Avengers: Endgame
100%
2012 The Avengers
100%
2015 Avengers: Age of Ultron
96%
2011 Thor
93%
2016 Captain America: Civil War
89%
No matching quizzes found
Score Distribution
Percent of People with Each Score
Percentile by Number Answered
Your Score History
You have not taken this quiz